Music Quiz

Random Music or Bands Quiz

2-Word Bands (A-Z) Quiz Stats

 Plays Quiz Updated Nov 21, 2014

Challenge
Share
Tweet
Score 0/26 Timer 07:00
8 Plays Today
% Correct
Green Day
92.2%
Foo Fighters
86.4%
ZZ Top
85.4%
No Doubt
83.6%
Van Halen
82.1%
Daft Punk
80.4%
Led Zeppelin
77.1%
Black Sabbath
71.1%
Iron Maiden
70.1%
Pearl Jam
66.7%
Jefferson Airplane
61%
Cheap Trick
52.5%
Wang Chung
50.7%
% Correct
Thin Lizzy
50.6%
REO Speedwagon
47.4%
Matchbox Twenty
47%
Quiet Riot
45.8%
Steely Dan
36%
Arcade Fire
32.1%
Oingo Boingo
25.1%
King Crimson
22.4%
Eve 6
19%
Uriah Heep
17.7%
Young Rascals
13.5%
Hüsker Dü
10.4%
X-Ray Spex
8.9%

You're not logged in!

Compare scores with friends on all Sporcle quizzes.
Join for Free
OR
Log In

You Might Also Like...

Show Comments

Extras

Top Quizzes Today


Score Distribution

Your Account Isn't Verified!

In order to create a playlist on Sporcle, you need to verify the email address you used during registration. Go to your Sporcle Settings to finish the process.

Report this User

Report this user for behavior that violates our Community Guidelines.

Details: